| 000 | 00749nam a22002297a 4500 | ||
|---|---|---|---|
| 005 | 20170124110035.0 | ||
| 010 | _a794135 | ||
| 020 | _c00.00 | ||
| 035 | _a794135 | ||
| 037 | _bCen Lib/Ret | ||
| 040 |
_adpl _bEN |
||
| 082 |
_a883.08 _bSHA |
||
| 100 |
_aShahane, Vasant A. _922569 |
||
| 245 |
_aE.M.Forster : _cby Vasant A.Shahane _ba study in double vision / |
||
| 260 |
_bArnold-Heinemann Publishers _aNew Delhi _c1975 |
||
| 270 |
_aAB/9, Safdarjang Enclave _bNew Delhi _e110001 |
||
| 300 |
_axii,130p. _c20cm(Hb) |
||
| 500 | _aIncludes bibliographical references and index | ||
| 650 |
_aForster, Edward M. _922570 |
||
| 650 |
_aForster, E. M. -- (Edward Morgan), -- 1879-1970. _9101237 |
||
| 942 |
_2ddc _cEN _h883.08 _mSHA |
||
| 999 |
_c128162 _d128162 |
||